| 000 | 01001cam a2200229 4500 | ||
|---|---|---|---|
| 001 | L129477 | ||
| 008 | 110922n2005 000 0 eng u | ||
| 020 | _a0110727517 | ||
| 035 | _a(Sirsi) u129477 | ||
| 041 | _aeng | ||
| 050 |
_a725.54 _c18 |
||
| 245 | 4 | _aThe Disability Discrimination (Educational Institutions) (Alteration of Leasehold Premises) Regulations 2005 | |
| 260 |
_aLondon _bHMSO _c2005 |
||
| 490 |
_aSI _v2005: 1070 |
||
| 520 | _aCome into force 1 May 2005. | ||
| 650 | _aDISABILITY DISCRIMINATION (EDUCATIONAL INSTITUTIONS) (ALTERATION OF LEASEHOLD PREMISES) REGULATIONS 2005 | ||
| 650 | _aDISABILITY DISCRIMINATION ACT 1995 | ||
| 690 | _aMANAGEMENT-BUSINESS MANAGEMENT-DISCRIMINATION-DISABILITY DISCRIMINATION-ACCESSIBILITY | ||
| 690 | _aBUILT ENVIRONMENT-BUILDING MAINTENANCE AND REFURBISHMENT-BUILDING ADAPTATION | ||
| 856 |
_uhttps://www.legislation.gov.uk/uksi/2005/1070/pdfs/uksi_20051070_en.pdf _zView this item free of charge at www.legislation.gov.uk |
||
| 942 | _n0 | ||
| 999 |
_c104210 _d104210 |
||